[Event "MPJ_D18"]
[Site "?"]
[Date "2016.03.17"]
[Round "6.11"]
[White "Dwilewicz, Katarzyna"]
[Black "Wierzbowska, Aleksandra"]
[Result "1-0"]
[BlackElo "1685"]
[WhiteElo "1811"]
[LiveChessVersion "1.4.8"]

1. e4 {[%clk 1:29:41]} c5 {[%clk 1:30:55]} 2. Nf3 {[%clk 1:29:59]} Nc6
{[%clk 1:31:21]} 3. d4 {[%clk 1:29:58]} cxd4 {[%clk 1:31:47]} 4. Nxd4
{[%clk 1:30:22]} e5 {[%clk 1:32:14]} 5. Nb5 {[%clk 1:28:19]} d6 {[%clk 1:32:38]}
6. N1c3 {[%clk 1:27:49]} a6 {[%clk 1:33:04]} 7. Na3 {[%clk 1:28:07]} Be7
{[%clk 1:33:29]} 8. Nd5 {[%clk 1:22:18]} Nf6 {[%clk 1:33:39]} 9. Nxf6+
{[%clk 1:18:03]} gxf6 {[%clk 1:32:33]} 10. Bc4 {[%clk 1:16:09]} Be6
{[%clk 1:25:26]} 11. c3 {[%clk 1:13:26]} Rc8 {[%clk 1:21:23]} 12. Be3
{[%clk 0:58:31]} b5 {[%clk 1:18:30]} 13. Bd5 {[%clk 0:57:17]} Bxd5
{[%clk 1:15:04]} 14. Qxd5 {[%clk 0:56:16]} Rg8 {[%clk 1:15:07]} 15. g3
{[%clk 0:52:20]} Qd7 {[%clk 1:13:40]} 16. Nc2 {[%clk 0:41:14]} Qg4
{[%clk 1:09:56]} 17. Qd3 {[%clk 0:26:51]} Qf3 {[%clk 1:07:31]} 18. Kd2
{[%clk 0:24:08]} Rd8 {[%clk 1:03:40]} 19. Bb6 {[%clk 0:23:39]} Qxd3+
{[%clk 1:03:45]} 20. Kxd3 {[%clk 0:24:07]} Rd7 {[%clk 1:02:24]} 21. Ne3
{[%clk 0:23:09]} Bd8 {[%clk 1:02:13]} 22. Nd5 {[%clk 0:22:49]} Rg6
{[%clk 1:02:22]} 23. Bxd8 {[%clk 0:15:08]} Kxd8 {[%clk 1:02:46]} 24. a4
{[%clk 0:15:12]} bxa4 {[%clk 1:02:39]} 25. Rxa4 {[%clk 0:15:28]} Ra7
{[%clk 1:02:47]} 26. Rha1 {[%clk 0:15:15]} Nb8 {[%clk 1:02:47]} 27. Nb4
{[%clk 0:13:29]} Rb7 {[%clk 1:01:49]} 28. R1a2 {[%clk 0:11:27]} d5
{[%clk 0:58:40]} 29. exd5 {[%clk 0:10:06]} f5 {[%clk 0:59:01]} 30. Kc2
{[%clk 0:05:35]} Rbb6 {[%clk 0:58:51]} 31. c4 {[%clk 0:05:12]} Rg4
{[%clk 0:58:29]} 32. b3 {[%clk 0:05:19]} Re4 {[%clk 0:57:04]} 33. Kc3
{[%clk 0:05:31]} Re1 {[%clk 0:54:32]} 34. Ra1 {[%clk 0:03:27]} Re2
{[%clk 0:54:50]} 35. R4a2 {[%clk 0:03:49]} Re4 {[%clk 0:54:27]} 36. Nc2
{[%clk 0:03:29]} Kc7 {[%clk 0:53:00]} 37. b4 {[%clk 0:02:34]} Kb7
{[%clk 0:52:22]} 38. Re1 {[%clk 0:01:48]} Rh6 {[%clk 0:52:23]} 39. Rxe4
{[%clk 0:31:36]} fxe4 {[%clk 1:22:49]} 40. h4 {[%clk 0:31:53]} Rf6
{[%clk 1:23:01]} 41. Ne1 {[%clk 0:27:31]} Rg6 {[%clk 1:23:16]} 42. Re2
{[%clk 0:26:18]} f5 {[%clk 1:23:37]} 43. c5 {[%clk 0:26:01]} Kc7 {[%clk 1:23:31]}
44. Nc2 {[%clk 0:24:05]} Nd7 {[%clk 1:23:24]} 45. Kc4 {[%clk 0:20:43]} Nf6
{[%clk 1:22:50]} 46. Ne3 {[%clk 0:17:22]} f4 {[%clk 1:22:31]} 47. d6+
{[%clk 0:17:18]} Kc6 {[%clk 1:21:26]} 48. Nf5 {[%clk 0:11:31]} Kd7
{[%clk 1:17:23]} 49. Ne7 {[%clk 0:06:09]} Rg4 {[%clk 1:17:34]} 50. gxf4
{[%clk 0:06:05]} exf4 {[%clk 1:17:56]} 51. Nd5 {[%clk 0:04:39]} Ne8
{[%clk 1:16:47]} 52. Rxe4 {[%clk 0:04:50]} Rxh4 {[%clk 1:16:18]} 53. Nxf4
{[%clk 0:02:33]} Nf6 {[%clk 1:16:11]} 54. Rd4 {[%clk 0:02:36]} Rh2
{[%clk 1:14:37]} 55. Nd3 {[%clk 0:02:44]} Kc6 {[%clk 1:12:20]} 56. Ne5+
{[%clk 0:03:02]} Kb7 {[%clk 1:12:41]} 57. c6+ {[%clk 0:03:10]} Ka7
{[%clk 1:12:23]} 58. d7 {[%clk 0:03:07]} 1-0

[Event "MPJ_D18"]
[Site "?"]
[Date "2016.03.17"]
[Round "6.12"]
[White "Bebel, Agnieszka"]
[Black "Trybowska, Anna"]
[Result "1/2-1/2"]
[BlackElo "1573"]
[WhiteElo "1706"]
[LiveChessVersion "1.4.8"]

1. e4 {[%clk 1:30:55]} e5 {[%clk 1:30:58]} 2. Nf3 {[%clk 1:31:08]} Nc6
{[%clk 1:31:24]} 3. Bb5 {[%clk 1:31:22]} Nge7 {[%clk 1:28:42]} 4. c3
{[%clk 1:29:45]} d6 {[%clk 1:28:47]} 5. d3 {[%clk 1:26:40]} h6 {[%clk 1:28:54]}
6. Nbd2 {[%clk 1:25:52]} Bg4 {[%clk 1:28:41]} 7. h3 {[%clk 1:24:58]} Bh5
{[%clk 1:29:02]} 8. Nf1 {[%clk 1:23:35]} a6 {[%clk 1:24:28]} 9. Ba4
{[%clk 1:23:41]} b5 {[%clk 1:23:03]} 10. Bc2 {[%clk 1:23:50]} d5 {[%clk 1:23:07]}
11. Ng3 {[%clk 1:20:12]} Bg6 {[%clk 1:22:14]} 12. Qe2 {[%clk 1:18:05]} d4
{[%clk 1:20:28]} 13. O-O {[%clk 1:14:23]} Qd6 {[%clk 1:18:41]} 14. Re1
{[%clk 1:06:58]} Nc8 {[%clk 1:16:30]} 15. Nh4 {[%clk 1:03:33]} dxc3
{[%clk 1:14:50]} 16. bxc3 {[%clk 1:03:38]} Qf6 {[%clk 1:14:31]} 17. Nxg6
{[%clk 0:54:42]} Qxg6 {[%clk 1:12:22]} 18. Be3 {[%clk 0:53:12]} Nd6
{[%clk 1:11:51]} 19. Kh2 {[%clk 0:49:27]} Be7 {[%clk 1:11:45]} 20. Bb3
{[%clk 0:44:37]} Nd8 {[%clk 1:08:41]} 21. f4 {[%clk 0:43:23]} Bh4
{[%clk 1:05:28]} 22. Qf3 {[%clk 0:41:22]} Bxg3+ {[%clk 1:03:53]} 23. Qxg3
{[%clk 0:41:34]} Qxg3+ {[%clk 1:04:16]} 24. Kxg3 {[%clk 0:41:46]} O-O
{[%clk 1:04:21]} 25. fxe5 {[%clk 0:41:26]} N6b7 {[%clk 1:04:37]} 26. a4
{[%clk 0:39:27]} c6 {[%clk 1:04:39]} 27. axb5 {[%clk 0:38:27]} cxb5
{[%clk 1:04:58]} 28. Bd5 {[%clk 0:37:18]} Re8 {[%clk 1:04:20]} 29. Bb6
{[%clk 0:36:17]} Re7 {[%clk 1:03:56]} 30. d4 {[%clk 0:33:00]} Ne6
{[%clk 1:04:04]} 31. Reb1 {[%clk 0:31:51]} g5 {[%clk 1:02:48]} 32. Rxb5
{[%clk 0:30:46]} Nf4 {[%clk 1:02:39]} 33. Bxb7 {[%clk 0:29:29]} Rxb7
{[%clk 1:02:54]} 34. Rb3 {[%clk 0:26:15]} a5 {[%clk 1:02:46]} 35. c4
{[%clk 0:17:39]} Ne2+ {[%clk 0:59:49]} 36. Kg4 {[%clk 0:17:48]} Nxd4
{[%clk 0:59:42]} 37. Rb2 {[%clk 0:17:14]} Ne6 {[%clk 0:59:09]} 38. Rb5
{[%clk 0:16:08]} Rab8 {[%clk 0:54:03]} 39. Bxa5 {[%clk 0:14:29]} Rxb5
{[%clk 0:54:18]} 40. cxb5 {[%clk 0:14:48]} Rxb5 {[%clk 0:54:44]} 41. Bc3
{[%clk 0:14:42]} Rc5 {[%clk 0:53:12]} 42. Ra8+ {[%clk 0:14:27]} Kg7
{[%clk 1:22:23]} 43. Ba1 {[%clk 0:42:02]} Rc2 {[%clk 1:21:16]} 44. g3
{[%clk 0:41:20]} Re2 {[%clk 1:19:37]} 45. Kf3 {[%clk 0:41:02]} Rh2
{[%clk 1:19:52]} 46. Kg4 {[%clk 0:40:10]} Re2 {[%clk 1:20:00]} 47. Ra4
{[%clk 0:33:33]} Kg6 {[%clk 1:19:32]} 48. h4 {[%clk 0:30:40]} gxh4
{[%clk 1:18:06]} 49. Kxh4 {[%clk 0:29:16]} Nc5 {[%clk 1:16:02]} 50. Rc4
{[%clk 0:28:17]} Rxe4+ {[%clk 1:15:48]} 51. Rxe4 {[%clk 0:28:35]} Nxe4
{[%clk 1:16:11]} 52. g4 {[%clk 0:27:23]} Nd2 {[%clk 1:15:54]} 53. Bb2
{[%clk 0:25:47]} Nc4 {[%clk 1:15:22]} 1/2-1/2

[Event "MPJ_D18"]
[Site "?"]
[Date "2016.03.17"]
[Round "6.13"]
[White "Glapa, Anna"]
[Black "Wilk, Oktawia"]
[Result "0-1"]
[BlackElo "1683"]
[WhiteElo "1716"]
[LiveChessVersion "1.4.8"]

1. e4 {[%clk 1:30:58]} e6 {[%clk 1:30:50]} 2. d4 {[%clk 1:31:17]} d5
{[%clk 1:31:13]} 3. Nc3 {[%clk 1:31:41]} Nf6 {[%clk 1:31:30]} 4. Bg5
{[%clk 1:32:04]} Be7 {[%clk 1:31:34]} 5. e5 {[%clk 1:32:28]} Nfd7
{[%clk 1:31:36]} 6. Bxe7 {[%clk 1:32:51]} Qxe7 {[%clk 1:31:51]} 7. f4
{[%clk 1:32:55]} a6 {[%clk 1:32:07]} 8. Nf3 {[%clk 1:33:07]} c5 {[%clk 1:32:06]}
9. dxc5 {[%clk 1:33:22]} Qxc5 {[%clk 1:32:14]} 10. Bd3 {[%clk 1:32:59]} Qe3+
{[%clk 1:31:16]} 11. Ne2 {[%clk 1:32:56]} f6 {[%clk 1:29:33]} 12. exf6
{[%clk 1:32:23]} Nxf6 {[%clk 1:29:55]} 13. Qd2 {[%clk 1:31:51]} Qxd2+
{[%clk 1:26:52]} 14. Kxd2 {[%clk 1:32:15]} Nc6 {[%clk 1:26:41]} 15. Rhe1
{[%clk 1:29:37]} O-O {[%clk 1:26:45]} 16. a3 {[%clk 1:26:04]} Bd7
{[%clk 1:26:16]} 17. Rad1 {[%clk 1:24:45]} Ng4 {[%clk 1:26:13]} 18. g3
{[%clk 1:06:24]} e5 {[%clk 1:17:40]} 19. Nxe5 {[%clk 1:04:47]} Ncxe5
{[%clk 1:18:01]} 20. fxe5 {[%clk 1:05:09]} Nxe5 {[%clk 1:18:03]} 21. Nd4
{[%clk 1:02:06]} Rf2+ {[%clk 1:15:33]} 22. Re2 {[%clk 0:55:35]} Raf8
{[%clk 1:14:57]} 23. Ke1 {[%clk 0:49:42]} Rf1+ {[%clk 1:15:12]} 24. Kd2
{[%clk 0:50:06]} Rxd1+ {[%clk 1:15:23]} 25. Kxd1 {[%clk 0:50:28]} Bg4
{[%clk 1:15:42]} 26. Ke1 {[%clk 0:49:59]} Nxd3+ {[%clk 1:15:57]} 27. cxd3
{[%clk 0:50:24]} Bxe2 {[%clk 1:16:19]} 28. Kxe2 {[%clk 0:49:39]} Rf6
{[%clk 1:16:13]} 29. Nf3 {[%clk 0:48:17]} Re6+ {[%clk 1:15:58]} 30. Kd2
{[%clk 0:48:38]} h6 {[%clk 1:16:12]} 31. Nh4 {[%clk 0:48:07]} Rf6
{[%clk 1:16:04]} 32. Ke2 {[%clk 0:47:21]} Kf7 {[%clk 1:16:18]} 33. Ng2
{[%clk 0:47:42]} d4 {[%clk 1:11:45]} 34. Nf4 {[%clk 0:46:46]} a5 {[%clk 1:11:32]}
35. Kd2 {[%clk 0:44:08]} g5 {[%clk 1:11:44]} 36. Ne2 {[%clk 0:39:22]} Rf2
{[%clk 1:09:56]} 37. h3 {[%clk 0:35:55]} Rh2 {[%clk 1:10:07]} 38. Kd1
{[%clk 0:34:34]} Rxh3 {[%clk 1:10:20]} 39. Nxd4 {[%clk 0:35:00]} Rxg3
{[%clk 1:10:33]} 40. Kc2 {[%clk 1:05:26]} Rg2+ {[%clk 1:39:30]} 41. Kc3
{[%clk 1:04:56]} h5 {[%clk 1:39:41]} 42. Nf5 {[%clk 1:05:04]} h4 {[%clk 1:39:08]}
43. Nd6+ {[%clk 1:05:21]} Ke7 {[%clk 1:39:28]} 44. Nxb7 {[%clk 1:05:40]} h3
{[%clk 1:39:53]} 45. Nxa5 {[%clk 1:05:55]} h2 {[%clk 1:40:17]} 46. b4
{[%clk 1:05:06]} h1=Q {[%clk 1:40:40]} 47. Nc4 {[%clk 1:05:08]} Qa1+
{[%clk 1:39:33]} 48. Kb3 {[%clk 1:05:24]} Qb1+ {[%clk 1:38:13]} 49. Ka4
{[%clk 1:05:17]} Qxd3 {[%clk 1:38:19]} 50. Na5 {[%clk 1:04:54]} Ra2
{[%clk 1:37:37]} 51. Nc6+ {[%clk 1:04:01]} Kf8 {[%clk 1:37:28]} 52. Ka5
{[%clk 1:04:17]} Rxa3+ {[%clk 1:37:47]} 53. Kb6 {[%clk 1:04:40]} Ra6+
{[%clk 1:37:54]} 0-1

[Event "MPJ_D18"]
[Site "?"]
[Date "2016.03.17"]
[Round "6.14"]
[White "Stochnialek, Dominika"]
[Black "Burdzy, Joanna"]
[Result "1/2-1/2"]
[BlackElo "1730"]
[WhiteElo "1448"]
[LiveChessVersion "1.4.8"]

1. e4 {[%clk 1:30:58]} e5 {[%clk 1:30:41]} 2. Nf3 {[%clk 1:31:22]} Nc6
{[%clk 1:29:59]} 3. Bc4 {[%clk 1:31:31]} Bc5 {[%clk 1:28:54]} 4. b4
{[%clk 1:31:52]} Bxb4 {[%clk 1:28:58]} 5. c3 {[%clk 1:32:17]} Bc5
{[%clk 1:29:13]} 6. d4 {[%clk 1:21:18]} exd4 {[%clk 1:28:24]} 7. O-O
{[%clk 1:21:00]} d3 {[%clk 1:14:28]} 8. Qb3 {[%clk 1:11:17]} Qf6 {[%clk 0:59:49]}
9. e5 {[%clk 0:39:12]} Qg6 {[%clk 0:48:51]} 10. Qd1 {[%clk 0:35:26]} h6
{[%clk 0:43:24]} 11. Re1 {[%clk 0:31:16]} Nge7 {[%clk 0:36:27]} 12. Nh4
{[%clk 0:26:06]} Qh7 {[%clk 0:36:10]} 13. Qf3 {[%clk 0:24:19]} g5
{[%clk 0:34:17]} 14. Bxd3 {[%clk 0:23:58]} Qg7 {[%clk 0:28:30]} 15. Nf5
{[%clk 0:24:08]} Nxf5 {[%clk 0:28:55]} 16. Qxf5 {[%clk 0:24:26]} Ne7
{[%clk 0:27:20]} 17. Qf6 {[%clk 0:23:58]} O-O {[%clk 0:23:37]} 18. Ba3
{[%clk 0:22:40]} Bxa3 {[%clk 0:23:21]} 19. Nxa3 {[%clk 0:22:51]} Qxf6
{[%clk 0:23:10]} 20. exf6 {[%clk 0:23:19]} Nd5 {[%clk 0:23:32]} 21. Nb5
{[%clk 0:22:25]} c6 {[%clk 0:14:18]} 22. Nd6 {[%clk 0:22:41]} Nxf6
{[%clk 0:14:24]} 23. c4 {[%clk 0:22:26]} b6 {[%clk 0:12:58]} 24. Re7
{[%clk 0:17:56]} Ba6 {[%clk 0:12:09]} 25. Rae1 {[%clk 0:18:07]} Rad8
{[%clk 0:11:18]} 26. R7e3 {[%clk 0:08:31]} Nh5 {[%clk 0:07:34]} 27. g3
{[%clk 0:07:44]} Ng7 {[%clk 0:07:34]} 28. h3 {[%clk 0:04:49]} f5 {[%clk 0:05:40]}
29. Re5 {[%clk 0:01:48]} Rf6 {[%clk 0:04:43]} 30. Ne8 {[%clk 0:01:18]} Nxe8
{[%clk 0:04:01]} 31. Rxe8+ {[%clk 0:01:46]} Rxe8 {[%clk 0:04:23]} 32. Rxe8+
{[%clk 0:02:11]} Kf7 {[%clk 0:04:46]} 33. Ra8 {[%clk 0:02:16]} Rd6
{[%clk 0:03:59]} 34. Bf1 {[%clk 0:02:14]} b5 {[%clk 0:01:17]} 35. cxb5
{[%clk 0:01:44]} Bxb5 {[%clk 0:01:40]} 36. Bxb5 {[%clk 0:02:01]} cxb5
{[%clk 0:02:09]} 37. Rxa7 {[%clk 0:02:24]} Rd1+ {[%clk 0:02:08]} 38. Kg2
{[%clk 0:02:46]} Ke6 {[%clk 0:01:42]} 39. Rb7 {[%clk 0:01:15]} Rd5
{[%clk 0:01:53]} 40. Rb6+ {[%clk 0:30:49]} d6 {[%clk 0:32:22]} 41. Rb7
{[%clk 0:30:46]} Kf6 {[%clk 0:31:44]} 42. a3 {[%clk 0:27:12]} h5 {[%clk 0:26:55]}
43. Rh7 {[%clk 0:26:51]} Kg6 {[%clk 0:27:10]} 44. Rb7 {[%clk 0:26:55]} g4
{[%clk 0:26:11]} 45. h4 {[%clk 0:22:19]} f4 {[%clk 0:21:01]} 46. gxf4
{[%clk 0:22:27]} Kf5 {[%clk 0:21:29]} 47. Rf7+ {[%clk 0:22:47]} Ke4
{[%clk 0:21:43]} 48. Rf6 {[%clk 0:21:47]} Rd3 {[%clk 0:14:14]} 49. Rh6
{[%clk 0:19:42]} Rd5 {[%clk 0:13:50]} 50. Rf6 {[%clk 0:20:00]} Kd4
{[%clk 0:14:15]} 51. Rg6 {[%clk 0:19:07]} Ke4 {[%clk 0:12:17]} 52. Rf6
{[%clk 0:19:31]} Rf5 {[%clk 0:12:28]} 53. Rxd6 {[%clk 0:15:44]} Kxf4
{[%clk 0:12:47]} 54. Rd4+ {[%clk 0:13:29]} Ke5 {[%clk 0:13:12]} 55. Rb4
{[%clk 0:13:45]} Kf6 {[%clk 0:12:50]} 56. a4 {[%clk 0:14:05]} bxa4
{[%clk 0:13:16]} 57. Rxa4 {[%clk 0:14:34]} Rf3 {[%clk 0:13:26]} 1/2-1/2

[Event "MPJ_D18"]
[Site "?"]
[Date "2016.03.17"]
[Round "6.15"]
[White "Pluta, Natalia"]
[Black "Knapik, Julia"]
[Result "1-0"]
[BlackElo "1527"]
[WhiteElo "1542"]
[LiveChessVersion "1.4.8"]

1. c4 {[%clk 1:30:54]} e5 {[%clk 1:30:51]} 2. Nc3 {[%clk 1:31:18]} Nf6
{[%clk 1:30:58]} 3. g3 {[%clk 1:31:22]} d5 {[%clk 1:30:19]} 4. cxd5
{[%clk 1:31:42]} Nxd5 {[%clk 1:30:44]} 5. Bg2 {[%clk 1:32:07]} Nb6
{[%clk 1:30:37]} 6. Nf3 {[%clk 1:32:11]} Nc6 {[%clk 1:30:30]} 7. d3
{[%clk 1:31:59]} Be7 {[%clk 1:29:24]} 8. O-O {[%clk 1:32:06]} O-O
{[%clk 1:29:06]} 9. Be3 {[%clk 1:31:33]} Re8 {[%clk 1:24:27]} 10. Rc1
{[%clk 1:28:16]} Bf8 {[%clk 1:23:26]} 11. Na4 {[%clk 1:26:52]} Bg4
{[%clk 1:21:46]} 12. h3 {[%clk 1:25:03]} Bc8 {[%clk 1:05:44]} 13. Nc5
{[%clk 1:20:05]} Bxc5 {[%clk 1:04:21]} 14. Bxc5 {[%clk 1:20:27]} Nd4
{[%clk 1:03:22]} 15. Kh2 {[%clk 1:14:50]} c6 {[%clk 1:00:14]} 16. a4
{[%clk 1:06:28]} Qd7 {[%clk 0:53:02]} 17. Nxd4 {[%clk 1:01:46]} exd4
{[%clk 0:52:59]} 18. a5 {[%clk 1:01:50]} Nd5 {[%clk 0:50:58]} 19. Rc4
{[%clk 1:01:49]} b6 {[%clk 0:44:30]} 20. Bxd4 {[%clk 0:58:59]} b5
{[%clk 0:37:48]} 21. Rc5 {[%clk 0:55:16]} Nf4 {[%clk 0:35:45]} 22. e3
{[%clk 0:55:17]} Nxg2 {[%clk 0:33:53]} 23. Qh5 {[%clk 0:53:43]} Re6
{[%clk 0:27:48]} 24. Qg4 {[%clk 0:36:14]} Rg6 {[%clk 0:23:19]} 25. Qxd7
{[%clk 0:36:32]} Bxd7 {[%clk 0:23:47]} 26. Kxg2 {[%clk 0:36:52]} a6
{[%clk 0:23:43]} 27. b4 {[%clk 0:37:00]} Rd8 {[%clk 0:23:33]} 28. Be5
{[%clk 0:32:45]} Be6 {[%clk 0:22:11]} 29. d4 {[%clk 0:31:52]} Bd5+
{[%clk 0:20:36]} 30. f3 {[%clk 0:32:05]} Re6 {[%clk 0:20:19]} 31. Bf4
{[%clk 0:28:31]} Bc4 {[%clk 0:18:35]} 32. Rd1 {[%clk 0:28:28]} f6
{[%clk 0:18:20]} 33. e4 {[%clk 0:28:02]} g5 {[%clk 0:17:19]} 34. Be3
{[%clk 0:28:05]} h5 {[%clk 0:17:15]} 35. Kf2 {[%clk 0:27:33]} Rde8
{[%clk 0:15:16]} 36. Bxg5 {[%clk 0:25:43]} fxg5 {[%clk 0:13:21]} 37. Rxg5+
{[%clk 0:25:45]} Kh7 38. Rxh5+ {[%clk 0:26:09]} Rh6 {[%clk 0:12:01]} 39. Rxh6+
{[%clk 0:25:58]} Kxh6 {[%clk 0:12:26]} 40. g4 {[%clk 0:53:28]} Kg5
{[%clk 0:41:40]} 41. Kg3 {[%clk 0:53:05]} Rf8 {[%clk 0:40:32]} 42. h4+
{[%clk 0:53:13]} Kg6 {[%clk 0:40:22]} 43. f4 {[%clk 0:51:57]} Rg8
{[%clk 0:35:18]} 44. f5+ {[%clk 0:51:38]} Kf7 {[%clk 0:35:14]} 45. Rd2
{[%clk 0:51:55]} Re8 {[%clk 0:34:51]} 46. Kf4 {[%clk 0:51:57]} Rh8
{[%clk 0:34:38]} 47. h5 {[%clk 0:50:05]} Rd8 {[%clk 0:34:10]} 48. g5
{[%clk 0:50:14]} c5 {[%clk 0:32:11]} 49. bxc5 {[%clk 0:49:58]} b4
{[%clk 0:32:32]} 50. g6+ {[%clk 0:49:31]} Kg7 {[%clk 0:32:56]} 51. Kg5
{[%clk 0:49:24]} 1-0

[Event "MPJ_D18"]
[Site "?"]
[Date "2016.03.17"]
[Round "6.16"]
[White "Walkowiak, Bogumila"]
[Black "Godek, Martyna"]
[Result "1/2-1/2"]
[BlackElo "1483"]
[WhiteElo "1265"]
[LiveChessVersion "1.4.8"]

1. e4 {[%clk 1:30:58]} c5 {[%clk 1:30:52]} 2. Nf3 {[%clk 1:31:20]} a6
{[%clk 1:31:08]} 3. d4 {[%clk 1:29:53]} cxd4 {[%clk 1:30:36]} 4. Nxd4
{[%clk 1:29:54]} Nf6 {[%clk 1:30:16]} 5. Nc3 {[%clk 1:29:43]} e5 {[%clk 1:30:15]}
6. Nb3 {[%clk 0:53:50]} Bb4 {[%clk 1:29:29]} 7. Bd2 {[%clk 0:31:51]} Nc6
{[%clk 1:27:08]} 8. Bd3 {[%clk 0:29:14]} d5 {[%clk 1:20:33]} 9. exd5
{[%clk 0:20:51]} Nxd5 {[%clk 1:20:03]} 10. Nxd5 {[%clk 0:16:05]} Qxd5
{[%clk 1:18:07]} 11. O-O {[%clk 0:14:14]} Be6 {[%clk 1:13:30]} 12. Re1
{[%clk 0:10:45]} Bxd2 {[%clk 1:09:27]} 13. Qxd2 {[%clk 0:10:29]} O-O-O
{[%clk 1:07:41]} 14. Qc3 {[%clk 0:10:12]} Bg4 {[%clk 0:59:51]} 15. Be4
{[%clk 0:08:07]} Qd6 {[%clk 0:50:51]} 16. Bxc6 {[%clk 0:06:53]} Qxc6
{[%clk 0:42:06]} 17. Qxc6+ {[%clk 0:07:13]} bxc6 {[%clk 0:42:29]} 18. Rxe5
{[%clk 0:07:26]} Bd1 {[%clk 0:20:11]} 19. Rc1 {[%clk 0:07:10]} Bxc2
{[%clk 0:18:21]} 20. Rc5 {[%clk 0:06:54]} Bxb3 {[%clk 0:14:34]} 21. axb3
{[%clk 0:07:23]} Rd6 {[%clk 0:14:03]} 22. Rxc6+ {[%clk 0:07:36]} Rxc6
{[%clk 0:14:25]} 23. Rxc6+ {[%clk 0:08:05]} Kb7 {[%clk 0:14:08]} 24. Rc2
{[%clk 0:08:11]} Rd8 {[%clk 0:11:07]} 25. Kf1 {[%clk 0:08:31]} Kb6
{[%clk 0:09:30]} 26. Ke2 {[%clk 0:08:41]} h5 {[%clk 0:08:03]} 27. Rc4
{[%clk 0:07:12]} g6 {[%clk 0:06:51]} 28. Ke3 {[%clk 0:03:20]} Rd5
{[%clk 0:06:46]} 29. h4 {[%clk 0:02:52]} a5 {[%clk 0:03:27]} 30. Rd4
{[%clk 0:01:52]} Rb5 {[%clk 0:02:22]} 31. Rd3 {[%clk 0:01:44]} Rb4
{[%clk 0:02:24]} 32. g3 {[%clk 0:01:55]} Kc6 {[%clk 0:02:23]} 33. Kd2
{[%clk 0:01:48]} Rb5 {[%clk 0:01:58]} 34. Kc2 {[%clk 0:01:40]} Rf5
{[%clk 0:01:24]} 35. Rd2 {[%clk 0:01:29]} Rf3 {[%clk 0:01:36]} 36. Re2
{[%clk 0:01:30]} Kd6 {[%clk 0:01:25]} 37. Rd2+ {[%clk 0:01:55]} Kc6
{[%clk 0:01:44]} 38. Re2 {[%clk 0:02:14]} Kd6 {[%clk 0:02:09]} 39. Rd2+
{[%clk 0:02:35]} Kc6 {[%clk 0:01:41]} 40. Re2 {[%clk 0:32:55]} Kd6
{[%clk 0:31:22]} 41. Rd2+ {[%clk 0:33:15]} Ke5 {[%clk 0:25:52]} 1/2-1/2

[Event "MPJ_D18"]
[Site "?"]
[Date "2016.03.18"]
[Round "7.1"]
[White "Wozniak, Mariola"]
[Black "Kopica, Paulina"]
[Result "1-0"]
[BlackElo "1786"]
[WhiteElo "2154"]
[LiveChessVersion "1.4.8"]

1. e4 {[%clk 1:30:59]} c5 {[%clk 1:30:56]} 2. Nf3 {[%clk 1:31:25]} Nc6
{[%clk 1:31:20]} 3. d4 {[%clk 1:31:50]} cxd4 {[%clk 1:31:44]} 4. Nxd4
{[%clk 1:32:17]} Nf6 {[%clk 1:32:05]} 5. Nc3 {[%clk 1:32:43]} d6 {[%clk 1:32:24]}
6. Nb3 {[%clk 1:33:04]} e5 {[%clk 1:31:36]} 7. Bg5 {[%clk 1:30:46]} Be7
{[%clk 1:29:12]} 8. Qd2 {[%clk 1:28:52]} a6 {[%clk 1:14:58]} 9. O-O-O
{[%clk 1:25:40]} Be6 {[%clk 1:07:45]} 10. Bxf6 {[%clk 1:15:30]} gxf6
{[%clk 1:00:01]} 11. Kb1 {[%clk 1:11:02]} Qc7 {[%clk 0:55:48]} 12. Nd5
{[%clk 0:57:16]} Bxd5 {[%clk 0:53:11]} 13. exd5 {[%clk 0:57:40]} Na7
{[%clk 0:38:20]} 14. h4 {[%clk 0:55:35]} h5 {[%clk 0:33:11]} 15. Rh3
{[%clk 0:42:17]} Qd7 {[%clk 0:27:43]} 16. Rc3 {[%clk 0:29:38]} Nc8
{[%clk 0:20:48]} 17. g3 {[%clk 0:28:40]} Bd8 {[%clk 0:19:13]} 18. Rf3
{[%clk 0:26:02]} b5 {[%clk 0:10:20]} 19. Bd3 {[%clk 0:21:41]} Qg4
{[%clk 0:09:25]} 20. Qe2 {[%clk 0:16:47]} Ne7 {[%clk 0:06:51]} 21. Rxf6
{[%clk 0:15:18]} Nxd5 {[%clk 0:06:15]} 22. Rxd6 {[%clk 0:13:26]} Qxe2
{[%clk 0:06:31]} 23. Bxe2 {[%clk 0:13:51]} Nc7 {[%clk 0:06:25]} 24. Bf3
{[%clk 0:13:11]} Rb8 {[%clk 0:06:38]} 25. Na5 {[%clk 0:07:53]} Ne6
{[%clk 0:05:32]} 26. Nc6 {[%clk 0:07:57]} Rc8 {[%clk 0:05:06]} 27. Nxd8
{[%clk 0:07:53]} Rxd8 {[%clk 0:05:02]} 28. Rxd8+ {[%clk 0:07:45]} Nxd8
{[%clk 0:05:28]} 29. Rd5 {[%clk 0:07:19]} f6 {[%clk 0:04:03]} 30. Rd6
{[%clk 0:07:43]} 1-0

[Event "MPJ_D18"]
[Site "?"]
[Date "2016.03.18"]
[Round "7.2"]
[White "Kubicka, Anna"]
[Black "Sliwicka, Alicja"]
[Result "0-1"]
[BlackElo "2093"]
[WhiteElo "2152"]
[LiveChessVersion "1.4.8"]

1. d4 {[%clk 1:30:58]} Nf6 {[%clk 1:30:54]} 2. c4 {[%clk 1:31:23]} c5
{[%clk 1:31:20]} 3. d5 {[%clk 1:31:44]} b5 {[%clk 1:31:45]} 4. cxb5
{[%clk 1:31:57]} a6 {[%clk 1:32:11]} 5. bxa6 {[%clk 1:32:13]} d6 {[%clk 1:32:12]}
6. Nc3 {[%clk 1:32:17]} Bxa6 {[%clk 1:32:34]} 7. e4 {[%clk 1:32:24]} Bxf1
{[%clk 1:32:57]} 8. Kxf1 {[%clk 1:32:48]} g6 {[%clk 1:33:19]} 9. g3
{[%clk 1:32:38]} Bg7 {[%clk 1:33:37]} 10. Kg2 {[%clk 1:32:35]} O-O
{[%clk 1:33:48]} 11. Nf3 {[%clk 1:32:06]} Nbd7 {[%clk 1:34:03]} 12. Qc2
{[%clk 1:31:06]} Qa5 {[%clk 1:34:01]} 13. Bd2 {[%clk 1:28:53]} Rfb8
{[%clk 1:33:01]} 14. a4 {[%clk 1:21:29]} Ne8 {[%clk 1:23:26]} 15. b3
{[%clk 1:14:33]} Rb7 {[%clk 1:19:43]} 16. Rab1 {[%clk 1:11:29]} Nc7
{[%clk 1:18:07]} 17. h4 {[%clk 1:10:10]} Na6 {[%clk 1:16:56]} 18. Nb5
{[%clk 1:06:24]} Nb4 {[%clk 1:15:40]} 19. Qd1 {[%clk 1:03:45]} Rxb5
{[%clk 1:07:49]} 20. axb5 {[%clk 1:01:14]} Qxb5 {[%clk 1:08:15]} 21. h5
{[%clk 0:50:53]} Ra2 {[%clk 1:07:36]} 22. hxg6 {[%clk 0:49:54]} hxg6
{[%clk 1:06:22]} 23. Qg1 {[%clk 0:26:14]} Nf6 {[%clk 0:56:12]} 24. Qh2
{[%clk 0:18:42]} Qd3 {[%clk 0:48:00]} 25. Ra1 {[%clk 0:13:19]} Qxe4
{[%clk 0:43:25]} 26. Rxa2 {[%clk 0:12:18]} Nxa2 {[%clk 0:43:41]} 27. Re1
{[%clk 0:08:38]} Qxd5 {[%clk 0:43:12]} 28. Rxe7 {[%clk 0:08:58]} Bf8
{[%clk 0:37:38]} 29. Ra7 {[%clk 0:08:21]} Nb4 {[%clk 0:34:37]} 30. Bc3
{[%clk 0:04:03]} Nh5 {[%clk 0:30:28]} 31. g4 {[%clk 0:03:08]} Ng7
{[%clk 0:28:22]} 32. Ra1 {[%clk 0:02:28]} Qe4 {[%clk 0:26:18]} 33. Qh4
{[%clk 0:01:46]} Nd5 {[%clk 0:23:05]} 34. Bd2 {[%clk 0:01:11]} Ne6
{[%clk 0:21:41]} 35. Re1 {[%clk 0:00:46]} Ndf4+ {[%clk 0:20:34]} 36. Bxf4
{[%clk 0:00:59]} Qxf4 {[%clk 0:20:39]} 37. Rh1 {[%clk 0:00:51]} Bg7
{[%clk 0:21:00]} 38. Qh7+ {[%clk 0:00:41]} Kf8 {[%clk 0:21:23]} 39. Qh4
{[%clk 0:00:54]} Qb4 {[%clk 0:19:25]} 40. Ng5 {[%clk 0:30:48]} Qb7+
{[%clk 0:43:46]} 41. Kg1 {[%clk 0:18:14]} Nf4 {[%clk 0:41:35]} 42. Nh7+
{[%clk 0:18:15]} Ke8 {[%clk 0:41:35]} 43. f3 {[%clk 0:11:25]} Qxf3
{[%clk 0:41:11]} 44. Qe1+ {[%clk 0:07:30]} Ne2+ {[%clk 0:41:34]} 0-1